000 00420nam a2200181Ia 4500
001 2682
005 20260306144825.0
008 260306t2008||||xx |||||||||||||| ||spa||
041 _aESP
082 _a210
_bV63
100 _aVidal , César [1958-...]
_eAUT
245 0 _aPor qué soy cristiano
260 _c2008
300 _a253 páginas :
_c23 cm.
650 _aGEN
654 _aCHU
942 _cLIB
_dJUS
_fJUS
_2ddc
_n
999 _c2682
_d2682